000 00731nam a2200229Ii 4500
003 JO-AjNU
005 20240709075604.0
008 230605s9999||||xx |||||||||||||| ||und||
017 _a819
040 _aJO-AjNU
_bara
_erda
_cJO-AjNU
041 _aara
050 1 4 _aQP751.M86 1984
100 3 _a ترجمة الحلبي ، قصي عبدالقادر,
_eauthor
_98632
245 0 0 _aمقدمة في الكيمياء الحياتية لللبيدات
264 3 1 _aالموصل:وزارة التعليم العالي ، 1984
300 _a325ص
336 _atext
_btxt
_2rdacontent
337 _aunmediated
_bn
_2rdamedia
338 _avolume
_bnc
_2rdacarrier
650 4 _aالكيمياء الحيوية
_98633
942 _2lcc
_cBK
999 _c4456
_d4456